Miasta w Polsce rozpoczynające się na -nowa, -nowe, -nowo, -nowy - Statystyki

Ogólne statystyki
  • Ten quiz został rozwiązany 33 razy
    25 od ostatniego zresetowania
  • Średni wynik to 12 z 25
Statystyki odpowiedzi
Powiat Miasto % Poprawnych
Nowosolski Nowa Sól
88%
Świecki Nowe
88%
Miasto na prawach powiatu Nowy Sącz
88%
Nowotarski Nowy Targ
88%
Płoński Nowe Miasto
83%
Nowodworski Nowy Dwór Mazowiecki
83%
Nowotomyski Nowy Tomyśl
71%
Nowomiejski Nowe Miasto Lubawskie
63%
Nowodworski Nowy Dwór Gdański
58%
Bocheński Nowy Wiśnicz
46%
Kłodzki Nowa Ruda
42%
Grójecki Nowe Miasto nad Pilicą
42%
Policki Nowe Warpno
42%
Goleniowski Nowogard
42%
Łomżyński Nowogród
42%
Malborski Nowy staw
38%
Leżajski Nowa Sarzyna
33%
Ostrowski Nowe Skalmierzyce
33%
Tarnobrzeski Nowa Dęba
29%
Kielecki Nowa Słupia
29%
Proszowicki Nowe Brzesko
29%
Nowosolski Nowe Miasteczko
29%
Buski Nowy Korczyn
25%
Bolesławiecki Nowogrodziec
21%
Zielonogórski Nowogród Bobrzański
13%
Nie znaleziono quizów pasujących do podanych kryteriów
Rozkład punktacji
Procent ludzi z każdym wynikiem
Percentyl według liczby udzielonych odpowiedzi
Twoja historia wyników
Nie rozwiązałeś tego quizu od ostatniego zresetowania